000 01144nam a2200253Ia 4500
003 Ost
005 20260507075550.0
008 260507s9999||||xx |||||||||||||| ||und||
020 _a25948499319
040 _cfsecg
041 _aara
082 _a658.406
100 _aكافي ، يوسفى مصطفى
_eمؤلف
245 0 _aإدارة المنظمات المتعلمة(الذكية) /
_c يوسفى مصطفى كافي
260 _aقسنطينة:
_bألفا للوثائق,
_c2017
300 _a307 صفحة؛
_bإيضاحات ؛
_c24 سم
504 _aببليوغرافيا:ص.291
520 _aالتعليم التنظيمي -المنظمة المتعلمة (الذكية) -أسس ومفاهيم الأداء -الريادة في منظمات المتعلمة -التميز المؤسسي -دور القيادة الادارية في بناء المنظمة المتعلمة-راس المال الفكري
653 _aالتعليم
653 _aالتعليم المؤسساتي
653 _aالقيادة الإدارية
700 _aالخلف، محمد طاهر
_eمؤلف ثانوي
942 _cكتاب
999 _c44911
_d44911